[Event "American Continental-ch 2018"]
[Site "Montevideo"]
[Date "2018.06.07"]
[Round "7"]
[White "Mafra, Kaiser Luiz"]
[Black "Bick, Gabriel"]
[Result "1/2-1/2"]
[WhiteElo "2116"]
[BlackElo "2391"]
[Annotator "TA"]
[PlyCount "59"]
[EventDate "2018.??.??"]
[EventType "swiss"]
[EventCountry "URU"]
[SourceTitle "playchess.com"]
[Source "ChessBase"]
[SourceQuality "1"]

{[%evp 22,59,0,-18,52,-11,0,0,0,-18,-15,-24,-15,-26,-14,-18,18,23,17,-18,-17,-19,-10,-22,-8,-31,-15,-41,-37,-37,-37,-62,-16,-34,-14,-14,-15,-47,16,-15]} 1. e4 e5 2. Nf3 Nc6 3. Bb5 a6 4. Ba4 Nf6 5. O-O b5 6. Bb3 Bc5 7. Nxe5 Nxe5 8. d4 Bxd4 9. Qxd4 d6 10. f4 Nc6 {C78: Ruy Lopez: Archangelsk and Möller Defences} (10... c5 11. Qd2 c4 12. fxe5 Qb6+ 13. Qe3 Qxe3+ 14. Bxe3 dxe5 15. Bxc4 bxc4 16. Nc3 Rb8 17. b3 Bb7 18. Rf5 {0-1 (47) Mosadeghpour,M (2469)-Shirov,A (2656) Bandar e Anzali 2017}) 11. Qd3 O-O 12. Nc3 {LiveBook: 3 Games} Na5 (12... Re8 $11) 13. Nd5 $146 ({White should play} 13. e5 $14 Nd7 14. exd6) ({Predecessor:} 13. e5 Nxb3 14. axb3 dxe5 15. Qxd8 Rxd8 16. fxe5 Ne8 17. Nxb5 Rd5 18. Nc3 Rxe5 {1-0 (28) Hietanen,P (2375)-Gutzeit,A (2365) ICCF email 1997}) 13... Nxb3 14. axb3 Re8 15. Nxf6+ Qxf6 16. Bd2 Bb7 17. Rae1 Qe7 {[%cal Rb7e4]} 18. e5 $1 Qh4 19. exd6 cxd6 20. Qg3 (20. h3 {with more complications.} Qd8 21. Rxe8+ Qxe8 22. Bc3 Be4 23. Qxd6 Bxc2 24. b4) 20... Qxg3 21. hxg3 Be4 $36 {[%mdl 2048] Black has the initiative.} 22. c3 a5 23. Ra1 Bd5 24. b4 axb4 {White must now prevent ...Rxa1.} 25. Rxa8 Bxa8 26. cxb4 $15 {KRB-KRB} h5 27. Kf2 f6 28. Bc3 Kf7 29. Rh1 Rh8 ({Black should try} 29... Kg6 $15) 30. Ra1 {Precision: White = 29%, Black = 28%.} 1/2-1/2

[Event "American Continental-ch 2018"]
[Site "Montevideo"]
[Date "2018.06.07"]
[Round "7"]
[White "Arias Bouzada, Jorge"]
[Black "Lujan, Carolina"]
[Result "1/2-1/2"]
[WhiteElo "2097"]
[BlackElo "2341"]
[Annotator "RC"]
[PlyCount "81"]
[EventDate "2018.??.??"]
[EventType "swiss"]
[EventCountry "URU"]
[SourceTitle "playchess.com"]
[Source "ChessBase"]
[SourceQuality "1"]
[TimeControl "40/5400+30:1800+30"]

1. c4 {[%emt 0:00:13]} e5 {[%emt 0:06:12]} 2. Nc3 {[%emt 0:00:15]} Nc6 {[%emt 0:00:50]} 3. g3 {[%emt 0:00:26]} g6 {[%emt 0:00:13]} 4. Bg2 {[%emt 0:00:12]} Bg7 {[%emt 0:00:05]} 5. e3 {[%emt 0:01:08]} d6 {[%emt 0:00:42]} 6. Nge2 {[%emt 0:01:04]} Nf6 {[%emt 0:00:44]} 7. d4 {[%emt 0:07:50]} exd4 {[%emt 0:07:56]} 8. Nxd4 {[%emt 0:00:12]} Bd7 {[%emt 0:04:59]} 9. b3 {[%emt 0:01:23]} O-O {[%emt 0:02:41]} 10. Bb2 {[%emt 0:01:12]} Ne5 {[%emt 0:22:50]} 11. O-O {[%emt 0:15:14]} Bg4 {[%emt 0:07:25]} 12. f3 {[%emt 0:03:38]} Bd7 {[%emt 0:01:04]} 13. Qd2 {[%emt 0:01:24]} a6 {[%emt 0:07:43]} 14. f4 {[%emt 0:09:32]} Nc6 {[%emt 0:00:25]} 15. Nxc6 {[%emt 0:10:17]} Bxc6 {[%emt 0:00:59]} 16. e4 {[%emt 0:01:18]} Nd7 {[%emt 0:07:29]} 17. Rac1 {[%emt 0:12:52]} a5 {[%emt 0:00:34]} 18. Nd5 {[%emt 0:02:44]} f6 {[%emt 0:05:20]} 19. Rfd1 {[%emt 0:04:11]} Nc5 {[%emt 0:01:13]} 20. Bc3 {[%emt 0:05:11]} b6 {[%emt 0:01:46]} 21. Qb2 {[%emt 0:00:48]} Bxd5 {[%emt 0:05:07]} 22. cxd5 {[%emt 0:00:18]} Re8 {[%emt 0:01:10]} 23. Qc2 {[%emt 0:00:27]} Re7 {[%emt 0:00:46]} 24. Bd4 {[%emt 0:03:02]} Qd7 {[%emt 0:01:28]} 25. Bxc5 {[%emt 0:00:54]} bxc5 {[%emt 0:00:09]} 26. Qc4 {[%emt 0:00:19]} Ree8 {[%emt 0:01:24]} 27. Qf1 {[%emt 0:04:45]} Qe7 {[%emt 0:02:39]} 28. Re1 {[%emt 0:00:20]} Reb8 {[%emt 0:01:28]} 29. Rc4 {[%emt 0:02:18]} Rb4 {[%emt 0:01:02]} 30. Bh3 {[%emt 0:00:42]} Rab8 {[%emt 0:00:42]} 31. Be6+ {[%emt 0:00:07]} Kh8 {[%emt 0:00:15]} 32. f5 {[%emt 0:00:50]} Bh6 {[%emt 0:00:59]} 33. Rxb4 {[%emt 0:03:25]} axb4 {[%emt 0:00:39]} 34. Qa6 {[%emt 0:00:52]} Qd8 {[%emt 0:02:43]} 35. Re2 {[%emt 0:00:11]} Qe8 {[%emt 0:03:32]} 36. Kf2 {[%emt 0:02:03]} Rb6 {[%emt 0:01:31]} 37. Qa7 {[%emt 0:00:39]} Qd8 {[%emt 0:00:39]} 38. Qa4 {[%emt 0:00:12]} Rb8 {[%emt 0:00:31]} 39. Qd7 {[%emt 0:00:09]} Qxd7 {[%emt 0:00:23]} 40. Bxd7 {[%emt 0:00:05]} Kg7 {[%emt 0:30:20]} 41. Rc2 {[%emt 0:30:58]} 1/2-1/2

[Event "American Continental-ch 2018"]
[Site "Montevideo"]
[Date "2018.06.07"]
[Round "8"]
[White "Cori, Jorge"]
[Black "Flores, Diego"]
[Result "0-1"]
[WhiteElo "2659"]
[BlackElo "2614"]
[Annotator "TA"]
[PlyCount "103"]
[EventDate "2018.??.??"]
[EventType "swiss"]
[EventCountry "URU"]
[SourceTitle "playchess.com"]
[Source "ChessBase"]
[SourceQuality "1"]

{[%evp 19,103,39,31,27,25,37,22,39,26,41,75,-15,-15,-39,7,-71,-62,-74,-77,-81,-81,-92,-88,-69,-80,-86,-79,-77,-58,-91,-60,-103,-94,-94,-106,-98,-76,-156,-160,-158,-109,-102,-89,-88,-90,-177,-177,-171,-154,-181,-182,-182,-182,-182,-182,-191,0,0,0,-188,-187,-187,-187,-218,-215,-216,-220,-264,-252,-256,-257,-284,-291,-439,-371,-366,-343,-296,-232,-220,-203,-331,-313,-313,-164,-164]} 1. d4 Nf6 2. c4 e6 3. Nf3 c5 4. d5 exd5 5. cxd5 d6 6. Nc3 g6 7. Bf4 Bg7 8. Qa4+ Bd7 9. Qb3 b5 10. Bxd6 Qb6 11. Be5 $1 {White wants to play a4. A61: Modern Benoni: Nf3 without early e4} O-O 12. e3 {[%cal Rc3b5]} b4 (12... c4 13. Qd1 b4 14. Nb1 Rc8 15. Nbd2 Bb5 16. a4 bxa3 17. Rxa3 Bf8 18. Bd4 Qb7 19. Ra1 Nxd5 20. Be2 Nc6 {½-½ (59) Nakamura,H (2791)-Caruana,F (2807) Saint Louis 2016}) 13. Nb1 {[%cal Bc3b1,Bb1d2,Bd2c4,Bc4d6][%mdl 32] The position is equal.} Bf5 14. Nbd2 Nbd7 15. Bg3 ({Better is} 15. Nc4 $16 Qd8 16. Bd6) 15... a5 $11 {[%cal Ba7a5,Ba5a4][%mdl 32]} 16. Nc4 $146 ({Predecessor:} 16. Nh4 Be4 17. d6 a4 18. Qd1 Bc6 {1-0 (51) Grigore,G (2430)-Erdogan,H (2325) Mangalia 1992}) 16... a4 17. Qd1 (17. Nxb6 $11 axb3 18. Nxa8 Rxa8 19. Bc4) 17... Qb7 $17 {Hoping for ...Ne4.} 18. Nd6 Qxd5 19. Bc4 Qxd1+ 20. Rxd1 Nb6 21. Nd2 Nxc4 22. N2xc4 Be6 23. Be5 Rfd8 24. a3 Rab8 25. O-O Ne8 26. Bxg7 {Be5 is the strong threat.} Nxd6 ({Don't play} 26... Nxg7 $6 27. Ne5 $11) 27. Nxd6 Kxg7 28. Ne4 (28. h4 $142) 28... Rdc8 29. Rc1 c4 {Threatens to win with ...c3!} 30. axb4 Rxb4 31. Nc3 {[#]} Bd7 $1 32. Rfd1 (32. Rc2 $17 {is a better defense.}) 32... Be8 $19 33. Rd2 Rcb8 34. Nd1 {[#]} a3 $1 {[%mdl 512]} 35. bxa3 Rb1 36. Rxc4 {[#]} R8b2 $1 {[%cal Rb2d2][%mdl 512]} 37. Rd8 (37. Rxb2 Rxd1#) 37... Rb8 $2 (37... Bb5 $19 38. Rcd4 Be2) 38. Rd2 $2 {[#]} (38. Rd6 $11) 38... R8b2 $1 {[%cal Rb2d2][%mdl 512]} 39. Rd8 $1 (39. Rxb2 Rxd1#) 39... Bb5 $36 {[%mdl 3072] Black has strong compensation. White is under strong pressure.} 40. Rcd4 Be2 41. h4 Rc2 42. Kh2 Rcc1 43. a4 {If White can now play a5 this consolidates a bit.} Bxd1 44. a5 Ra1 45. Ra8 Bb3 46. g4 (46. Rd2 $142) 46... Ra2 47. g5 {With the idea Rdd8.} Rxf2+ 48. Kg3 Rcc2 49. Rdd8 {[%csl Ga8][%cal Rd8g8]} Rg2+ 50. Kf3 (50. Kf4 $142 f6 51. Ra7+ Bf7 52. gxf6+ Kxf6 53. Rd6+ Kg7 54. a6) 50... Rcf2+ 51. Ke4 {[%csl Ga8][%cal Rd8g8]} Bc2+ ({Not} 51... Rg4+ 52. Kd3 $17) (51... f5+ $142 52. gxf6+ Rxf6 53. Ra7+ Kh6) 52. Kd4 {Precision: White = 45%, Black = 77%.} 0-1

[Event "American Continental-ch 2018"]
[Site "Montevideo"]
[Date "2018.06.07"]
[Round "8"]
[White "Mareco, Sandro"]
[Black "Erenburg, Sergey"]
[Result "1/2-1/2"]
[WhiteElo "2643"]
[BlackElo "2563"]
[Annotator "TA"]
[PlyCount "41"]
[EventDate "2018.??.??"]
[EventType "swiss"]
[EventCountry "URU"]
[SourceTitle "playchess.com"]
[Source "ChessBase"]
[SourceQuality "1"]

{[%evp 11,41,23,41,30,27,32,35,18,49,21,23,24,35,15,17,7,46,0,62,59,52,60,55,50,53,52,47,50,63,43,60,49]} 1. e4 c6 2. d4 d5 3. e5 Bf5 4. Nf3 e6 5. Be2 Ne7 6. O-O Bg6 7. c3 {B12: Caro-Kann: Advance Variation} (7. Nbd2 Nf5 8. Nb3 Nd7 9. Bd2 h5 10. a4 h4 11. h3 Rc8 12. a5 c5 13. dxc5 Bxc5 14. Nxc5 Nxc5 15. Bb5+ {½-½ (58) Sarana,A (2577)-Dreev,A (2653) chess.com INT 2018}) 7... Nd7 8. Nh4 Nf5 9. Nxg6 hxg6 10. Nd2 f6 11. Nf3 Qb8 {[%cal Rf6e5]} 12. exf6 $146 ({Predecessor:} 12. Bf4 g5 13. Bg3 Nxg3 14. fxg3 Qc7 15. Bd3 {1-0 (60) Kilichenko,A (2372)-Borowiec,J (2303) ICCF email 2015}) 12... gxf6 13. c4 Qc7 (13... Qd6 {is more complex.} 14. h3 O-O-O 15. c5 Qc7 16. b4 e5) 14. h3 Bd6 ({Black should play} 14... Nb6 $11) 15. Re1 {White is slightly better.} Bb4 16. Bd2 Bxd2 17. Qxd2 Qd6 18. cxd5 cxd5 19. Rac1 Kf7 20. Rc3 Rae8 21. Rec1 {Precision: White = 67%, Black = 59%.} 1/2-1/2

[Event "American Continental-ch 2018"]
[Site "Montevideo"]
[Date "2018.06.07"]
[Round "8"]
[White "Delgado Ramirez, Neuris"]
[Black "Shankland, Samuel"]
[Result "1/2-1/2"]
[WhiteElo "2613"]
[BlackElo "2717"]
[Annotator "TA"]
[PlyCount "35"]
[EventDate "2018.??.??"]
[EventType "swiss"]
[EventCountry "URU"]
[SourceTitle "playchess.com"]
[Source "ChessBase"]
[SourceQuality "1"]

{[%evp 15,16,25,21]} 1. e4 e5 2. Nf3 Nc6 3. Bb5 Nf6 4. O-O Nxe4 5. Re1 Nd6 6. Nxe5 Be7 7. Bf1 Nxe5 8. Rxe5 O-O {Predecessor:} 9. d4 $146 Bf6 10. Re1 Nf5 11. d5 Re8 12. Bd3 Rxe1+ 13. Qxe1 Qe7 14. Qxe7 Nxe7 15. d6 cxd6 16. Na3 d5 17. Nb5 d6 18. Nxd6 {½-½ (32) Caruana,F (2784)-Aronian,L (2794) Karlsruhe/Baden-Baden 2018} 1/2-1/2

[Event "American Continental-ch 2018"]
[Site "Montevideo"]
[Date "2018.06.07"]
[Round "8"]
[White "Pichot, Alan"]
[Black "Cori Quispe, Kevin Joel"]
[Result "1/2-1/2"]
[WhiteElo "2564"]
[BlackElo "2468"]
[Annotator "TA"]
[PlyCount "94"]
[EventDate "2018.??.??"]
[EventType "swiss"]
[EventCountry "URU"]
[SourceTitle "playchess.com"]
[Source "ChessBase"]
[SourceQuality "1"]

{[%evp 20,94,40,33,30,25,64,39,46,12,39,20,11,11,81,0,31,0,77,62,97,109,150,149,133,141,165,166,159,154,154,148,140,142,137,89,83,70,77,19,20,19,19,18,23,22,14,8,8,9,21,8,8,8,8,8,9,8,8,8,8,8,8,4,1,0,8,8,8,5,8,0,0,0,8,0,0]} 1. e4 c5 2. Nf3 e6 3. d4 cxd4 4. Nxd4 Nc6 {[%cal Bb8c6,Bc6e5,Be5g4][%mdl 32]} 5. Nc3 Qc7 6. Be3 a6 7. Qf3 {B48: Sizilianisch (Paulsen-Variante)} Nf6 8. O-O-O Ne5 9. Qg3 b5 {[%cal Bb7b5,Bb5b4][%mdl 32]} 10. f4 (10. a3 Bb7 11. Bxb5 Rc8 12. Ba4 Nxe4 13. Nxe4 Bxe4 14. Bf4 Qc4 15. Bxe5 Qxa4 {1-0 (38) Vachier Lagrave,M (2789)-Anand,V (2776) Karlsruhe/Baden-Baden 2018}) 10... Neg4 11. Bg1 {LiveBook: 41 Partien. e5 ist eine echte Drohung.} h5 12. Bd3 $146 ({Vorgänger:} 12. e5 b4 13. Na4 Nd5 14. h3 Nh6 {0-1 (62) Kotronias,V (2529)-Bellaiche,A (2485) Moscow 2018}) 12... b4 13. Na4 Bb7 14. e5 (14. h3 $5 {[%cal Rh3g4]} h4 15. Qf3 $14) 14... Nd5 15. h3 Nh6 $1 16. f5 h4 (16... Be7 $11 {hält das Gleichgewicht.}) 17. Qe1 (17. Qxh4 $16 {Schwarz muss nun fxe6 beachten.} Qxe5 18. Qe4 Qf4+ 19. Rd2) 17... Be7 18. Kb1 Rc8 {[#]} (18... Nf4 $11) 19. g4 $1 $16 Bg5 20. Nb3 Nf4 21. Be4 Bxe4 22. Qxe4 {Droht Sb6 und aus.} Qc6 23. Qxc6 dxc6 {[#]} 24. fxe6 $1 fxe6 25. Nac5 Nf7 26. Nxa6 Be7 27. Be3 Nd5 28. Bc5 Ng5 29. Nd4 (29. Bxe7 $16 Kxe7 30. Nac5) 29... Rf8 $11 30. Bd6 Bxd6 31. exd6 {Droht stark Sc5.} Kd7 32. Rhe1 {und nun wäre Sc5+ stark für Weiss.} Nf3 {Die Stellung ist ausgeglichen.} 33. Nxf3 Rxf3 34. Nc5+ Kxd6 35. Nxe6 {Mit der Idee Sg5.} Rxh3 36. Nxg7 Rg8 37. Nf5+ Kc5 38. Rh1 Rxh1 39. Rxh1 Rxg4 40. Nxh4 {[%mdl 4096] Endspiel KTS-KTS} Rg3 41. Nf5 Rf3 42. Nh4 Rg3 43. Kc1 Ne3 44. Re1 Kd5 45. Kd2 Nc4+ 46. Kc1 Ne3 47. Kd2 Nc4+ {Precision: Weiß = 54%, Schwarz = 70%.} 1/2-1/2

[Event "American Continental-ch 2018"]
[Site "Montevideo"]
[Date "2018.06.07"]
[Round "8"]
[White "Perez Ponsa, Federico"]
[Black "Hoffman, Alejandro"]
[Result "1/2-1/2"]
[WhiteElo "2556"]
[BlackElo "2475"]
[Annotator "TA"]
[PlyCount "67"]
[EventDate "2018.??.??"]
[EventType "swiss"]
[EventCountry "URU"]
[SourceTitle "playchess.com"]
[Source "ChessBase"]
[SourceQuality "1"]

{[%evp 14,67,65,66,66,59,57,41,41,46,46,46,46,46,46,46,46,43,41,19,37,26,32,33,59,60,56,68,263,89,114,110,343,320,331,331,256,287,292,306,204,127,118,112,329,312,286,0,53,57,50,-20,0,0,-12,-15]} 1. e4 c5 2. Nf3 d6 3. d4 cxd4 4. Nxd4 Nf6 5. Nc3 g6 6. Be3 Bg7 7. f3 a6 8. Qd2 h5 {B75: Sicilian Dragon: Yugoslav Attack, Miscellaneous} 9. Be2 Nbd7 10. Nd5 $146 ({Predecessor:} 10. O-O b6 11. Nd5 Bb7 12. c4 O-O 13. Rfd1 Rc8 14. Rac1 Re8 15. Bg5 e6 16. Nxf6+ Bxf6 17. Bxf6 Qxf6 {1-0 (54) Kryvoruchko,Y (2711)-Zubarev,A (2548) Lvov 2015}) 10... e5 {Threatens to win with ...Nxd5.White is slightly better.} 11. Nb3 Nxd5 12. Qxd5 Nf6 13. Qd2 Be6 14. O-O-O Bf8 15. Bg5 Be7 {Black wants to play ...Nxe4.} 16. h4 Qc7 17. Kb1 O-O-O 18. c4 {[%cal Bc2c4,Bc4c5,Bc5c6][%mdl 32]} Kb8 19. Rc1 Ng8 20. Be3 $36 {[%mdl 2048] White fights for an advantage.} f5 $2 (20... Nf6 $14) 21. Bf2 $2 (21. Qb4 $18) 21... Nf6 22. Qe3 {And now Qa7+ would win.} Kc8 $2 {[#]} (22... b6 $16) 23. c5 $1 $18 {[%cal Rc5d6] Hoping for cxd6.} d5 {[#]} 24. c6 $1 {[%cal Rc6b7][%mdl 512]} b5 {aiming for ...d4.} (24... bxc6 25. Rxc6) 25. Nc5 d4 26. Qa3 (26. Nxe6 dxe3 27. Nxc7 exf2 $14) 26... Qb6 {With the idea ...fxe4.} 27. Bd3 ({Inferior is} 27. Qxa6+ Qxa6 28. Nxa6 d3 $11) 27... fxe4 28. fxe4 Bc4 $2 (28... Rhe8 $16 {was necessary.}) 29. Bxc4 bxc4 30. Qh3+ $2 (30. Rxc4 $18 Bxc5 31. Rxc5 Nxe4 32. Qh3+ Kc7 33. Rxe5 Qxc6 34. Re6) 30... Kb8 ({Black should play} 30... Ng4 $11 31. Nd7 Rxd7 32. cxd7+ Kb7) 31. c7+ $1 $14 Kxc7 32. Nb3 (32. Ne6+ $14 Kb8 33. Nxd8 Rxd8 34. Rxc4) 32... Nxe4 33. Rxc4+ Kb8 34. Bg3 $1 {Precision: White = 55%, Black = 44%.} 1/2-1/2

[Event "American Continental-ch 2018"]
[Site "Montevideo"]
[Date "2018.06.07"]
[Round "8"]
[White "Moradiabadi, Elshan"]
[Black "Panjwani, Raja"]
[Result "1/2-1/2"]
[WhiteElo "2549"]
[BlackElo "2456"]
[Annotator "TA"]
[PlyCount "189"]
[EventDate "2018.??.??"]
[EventType "swiss"]
[EventCountry "URU"]
[SourceTitle "playchess.com"]
[Source "ChessBase"]
[SourceQuality "1"]

{[%evp 22,189,23,25,43,26,35,-29,-50,-39,-30,-29,69,63,68,92,77,82,77,73,161,170,344,318,343,195,202,211,195,208,196,202,205,196,203,198,199,171,325,329,383,381,372,319,400,69,207,212,319,266,307,296,285,284,396,397,396,393,390,339,347,300,563,563,563,563,563,531,531,515,515,515,515,515,515,515,515,515,515,515,515,515,515,515,515,515,515,515,515,515,515,515,515,515,515,515,515,515,515,515,515,515,83,83,83,83,83,83,83,83,83,83,83,83,83,83,447,8,83,83,83,83,83,83,83,8,83,83,136,8,136,176,8,8,8,8,8,8,8,8,8,0,8,0,8,8,8,8,8,8,8,0,8,0,8,8,8,8,8,8,8,8,8,8,8,8,8,8,8,8]} 1. d4 Nf6 2. c4 e6 3. Nc3 d5 4. cxd5 exd5 5. Bg5 c6 6. e3 Be7 7. Bd3 Nbd7 8. Qc2 Nf8 9. Nge2 Ne6 10. Bh4 g6 11. f3 O-O 12. O-O-O {LiveBook: 3 Games. D36: Queen's Gambit Declined: Exchange Variation: Main line (5 Bg5 c6 6 Qc2)} a5 (12... b6 13. g4 Bb7 14. Kb1 Rc8 15. Bxf6 Bxf6 16. h4 c5 17. h5 Qe7 18. f4 Rfe8 19. hxg6 fxg6 {1-0 (33) Wojtaszek,R (2738)-Yilmaz,M (2619) Batumi 2018}) 13. g4 b5 14. Bxf6 $146 (14. Kb1 $14) ({Predecessor:} 14. Bg3 a4 15. h4 a3 16. b3 b4 17. Na4 Ba6 18. Nf4 Nxf4 19. Bxf4 Bxd3 20. Qxd3 Rc8 21. h5 c5 22. dxc5 Bxc5 23. Kb1 Bd6 {½-½ (23) Lester,G (2017)-Solomon,S (2401) Melbourne 2013}) 14... Bxf6 $11 {[#]} 15. h4 $1 {[%mdl 512]} b4 (15... Bxh4 16. Rh2) 16. Na4 $1 Ba6 ({Better is} 16... Bxh4 $11 17. Rh2 Bf6) 17. Bxa6 $14 Rxa6 18. Kb1 Re8 19. h5 Ng5 20. hxg6 fxg6 {[#]} (20... hxg6 $16 {was called for.} 21. Nc5 Ra7) 21. e4 $1 $18 {[%mdl 512]} Ne6 $2 (21... Ra7) (21... dxe4 22. Qc4+) 22. f4 dxe4 23. Qc4 (23. f5 $142) 23... Ra7 24. f5 Qd5 25. Qxd5 cxd5 26. fxe6 Rxe6 27. Rc1 Bg5 28. Rc5 (28. Rc8+ $6 Kg7 $16) 28... Rd6 29. Kc2 Rf7 $2 (29... h6 30. Rf1 Kg7) 30. Rxa5 Rf2 31. Kd1 h6 32. Rb5 Rf3 {intending ...Rd3+.} 33. Rb6 $2 (33. Nc5 $18) 33... Rxb6 (33... Rd3+ $1 $14 34. Ke1 Bd2+ 35. Kf1 Rd8) 34. Nxb6 b3 (34... Rd3+ {was worth a try.} 35. Ke1 Rd2 36. Nxd5 Rxb2) 35. axb3 ({Wrong is} 35. Nxd5 $2 Rd3+ 36. Ke1 Bh4+ 37. Ng3 (37. Rxh4 $2 bxa2 38. Nf6+ Kg7 $19) (37. Kf1 $2 Rd1+ 38. Kg2 Rxh1 $19) 37... bxa2 $19) 35... Rxb3 36. Nxd5 Rxb2 {Hoping for ...Rb1+.} 37. Ndc3 Be3 38. Rh3 Rd2+ 39. Ke1 Rd3 40. Kf1 h5 41. gxh5 ({Don't take} 41. Nxe4 hxg4 42. Nf6+ Kf7 $18) 41... Bxd4 $2 (41... Bd2 {keeps fighting.}) 42. Rxd3 $1 exd3 43. Nxd4 gxh5 44. Nf3 h4 45. Nd2 h3 46. Kg1 h2+ 47. Kxh2 Kf7 48. Kg3 Ke6 49. Kf4 Kf6 50. Ke4 Ke6 51. Nd5 Kd6 52. Nf4 Ke7 53. Ke5 Kf7 54. Nd5 Kg6 55. Ne7+ Kf7 56. Nf5 Kg6 57. Nd6 Kg5 58. Nf7+ Kg6 59. Ke6 Kg7 60. Ne5 Kg8 61. Kf6 Kf8 62. Nf7 Kg8 63. Nd6 Kf8 64. Ke6 Kg7 65. Kf5 Kg8 66. Kg6 Kf8 67. Kf6 Kg8 68. Nf5 Kf8 $2 {[%mdl 8192]} (68... Kh7 $16) 69. Ng7 $2 (69. Ne3 $1 $18 {and the rest is easy.} Ke8 70. Ke6) 69... Kg8 $16 70. Ne6 $1 Kh7 71. Kg5 Kg8 {[#]} 72. Kg6 $1 Kh8 73. Kf7 Kh7 {[#]} 74. Ng7 $1 Kh6 75. Kf6 Kh7 76. Nf5 Kg8 77. Ke7 {The position is equal.} Kh7 78. Kf7 Kh8 79. Kg6 Kg8 80. Ng7 Kf8 $1 81. Kf6 Kg8 82. Ne6 Kh7 $1 83. Kf5 Kh6 84. Nd8 Kg7 85. Ke6 Kg6 86. Nf7 Kg7 87. Ne5 Kf8 88. Kd7 Kg8 89. Ke8 Kg7 90. Ke7 Kg8 91. Nd7 Kg7 92. Nf8 Kh6 93. Kf6 Kh5 94. Kf5 Kh6 95. Ke4 {Precision: White = 79%, Black = 29%.} 1/2-1/2

[Event "American Continental-ch 2018"]
[Site "Montevideo"]
[Date "2018.06.07"]
[Round "8"]
[White "Mekhitarian, Krikor Sevag"]
[Black "Donoso Diaz, Sebastian"]
[Result "1-0"]
[WhiteElo "2546"]
[BlackElo "2184"]
[Annotator "TA"]
[PlyCount "65"]
[EventDate "2018.??.??"]
[EventType "swiss"]
[EventCountry "URU"]
[SourceTitle "playchess.com"]
[Source "ChessBase"]
[SourceQuality "1"]

{[%evp 21,65,6,17,7,10,6,85,98,73,69,89,81,93,87,78,85,72,74,81,91,95,56,78,84,238,231,231,238,311,245,218,159,111,156,203,211,236,235,237,237,237,237,230,230,446,435]} 1. Nf3 d5 {[%cal Bd7d5,Bd5c4][%mdl 32]} 2. c4 dxc4 3. Qa4+ Nd7 4. g3 g6 5. Bg2 Bg7 6. O-O Ngf6 7. Qxc4 O-O 8. d4 Nb6 {D73: Fianchetto Grünfeld: 5 Nf3} 9. Qb3 (9. Qc5 Bf5 10. Bf4 Ne4 11. Qxc7 Nd5 12. Qxb7 Nxf4 13. gxf4 Qd6 14. Qb3 Qxf4 15. Nc3 Rab8 16. Qa3 {½-½ (32) Van Wely,L (2647)-Giri,A (2791) Amsterdam 2015}) 9... Be6 10. Qd1 Qc8 11. Nc3 Bh3 {LiveBook: 3 Games} 12. e4 Bxg2 13. Kxg2 Nfd7 $146 (13... c5 $11 {remains equal.}) ({Predecessor:} 13... c5 14. d5 e6 15. d6 Nfd7 16. Qe2 {0-1 (48) Gupta,A (2634)-Aravindh,C (2444) Glasgow 2014}) 14. Bf4 $16 Rd8 15. Qe2 Bxd4 16. Nxd4 {[#] Hoping for Nf3.} e5 17. Be3 exd4 18. Bxd4 c5 19. Be3 $36 {[%mdl 2048] Black is under strong pressure.} Qc6 20. Rad1 Nf8 21. a4 Nxa4 22. Nd5 Qe6 $2 (22... Re8 $16 {keeps fighting.}) 23. Bg5 $18 {Strongly threatening Nc7.} Rxd5 24. Rxd5 Re8 {aiming for ...Qxd5!} 25. Re1 Qc6 26. Qc2 Ne6 27. Be3 Nc7 28. Rdd1 Rxe4 {[#]} 29. Rd6 $3 {[%mdl 512]} Qxd6 30. Qxe4 Qd5 31. Qxd5 Nxd5 32. b3 Nb2 $2 (32... Nxe3+ 33. Rxe3 (33. fxe3 Nc3 $16) 33... Nb2) 33. Bxc5 {Precision: White = 78%, Black = 37%.} 1-0